000 00738nam a2200241 4500
003 OSt
005 20240614025140.0
006 a
008 240614b |||||||| |||| 00| 0 eng d
020 _a9780857023704
040 _aDWCL-Main lib.
_cOC
082 _2Fourth edition
_aCirc. 808.0663 R318g 2011
100 _aRodman, Peter
245 _aGood essay writing : a social sciences guide /
250 _aFourth edition
260 _aLondon :
_bSAGE Pub.,
_cc2011.
300 _avii,
_b172 p. : ill. ;
_c24 cm.
504 _aIncludes bibliographical references & index.
650 _a1. Academic writing.
650 _a2. Social sciences–Authorship.
700 _aPeter Rodman
942 _2ddc
_n0
_cBK-CIRC
_eFourth edition
_kCirc.
999 _c681
_d681